Statistics for Soundcloud Rappers 2018

Click here to take the quiz!

General Stats

  • This quiz has been taken 568 times
  • The average score is 12 of 15

Answer Stats

Answer % Correct
XXXTENTACION
99%
Lil Peep
98%
Lil Pump
98%
Post Malone
97%
Lil Uzi Vert
92%
Trippie Redd
88%
Lil Dicky
86%
Ski Mask The Slump God
81%
Lil Yachty
81%
Travis Scott
71%
Denzel Curry
69%
Chief Keef
62%
Playboi Carti
60%
Tekashi69
54%
Rich the Kid
49%

Score Distribution

Percentile by Number Answered

Percent of People with Each Score

Your Score History

You have not taken this quiz